Najpopularniejsze zwierzęta obiadowe - Statystyki

Ogólne statystyki
  • Ten quiz został rozwiązany 714 razy
    710 od ostatniego zresetowania
  • Średni wynik to 21 z 44
Statystyki odpowiedzi
Hint Odpowiedź % Poprawnych
krowa
92%
świnia
92%
kurczak
90%
sarna
84%
kaczka
78%
dzik
77%
koń
76%
Kojarzone z francuską kuchnią ślimak
75%
Kojarzone z francuską kuchnią żaba
70%
indyk
69%
owca
67%
gęś
61%
karp
61%
królik
60%
łosoś
59%
koza
53%
krewetka
53%
ośmiornica
48%
bażant
46%
małża
46%
dorsz
45%
zając
45%
krab
44%
śledź
42%
szczupak
41%
rak
39%
homar
35%
pstrąg
33%
węgorz
33%
makrela
32%
tuńczyk
32%
osioł
31%
Dawniej na szlachckich stołach przepiórka
31%
okoń
30%
ostryga
30%
także wierzchowiec białego wilka płoć
29%
kalmar
27%
sandacz
26%
sardynka
26%
flądra
25%
halibut
21%
Dawniej na szlachckich stołach bóbr
16%
mule
14%
langusta
12%
Nie znaleziono quizów pasujących do podanych kryteriów
Rozkład punktacji
Procent ludzi z każdym wynikiem
Percentyl według liczby udzielonych odpowiedzi
Twoja historia wyników
Nie rozwiązałeś tego quizu od ostatniego zresetowania